000 01236nam a22003497a 4500
003 CHAP
005 20220329141507.0
008 971013s1989 r 00010 d
010 _a69018
011 _a69990
035 _a79469
040 _cCHAP
090 _aTesis
100 0 0 _aCepeda Dovala, Angel Rumualdo.
_921313
245 _aInteracción genotipo x ambiente de cinco líneas comerciales de gallinas de postura Leghorn blancas en dos localidades
260 _aChapingo, Méx. :
_bEl Autor,
_c1989
300 _a98 h.
500 _a32-169
502 _aTesis (Maestro en Ciencias Esp. en Ganadería) -- C.P. Centro de Ganadería
590 _aALEPH
_b10
_c20130110
_lUCH01
_h1407
590 _aBATCH-UPD
_b10
_c20130110
_lUCH01
_h1733
590 _aBATCH-UPD
_b10
_c20130410
_lUCH01
_h1114
590 _aBATCH-UPD
_b10
_c20130914
_lUCH01
_h0449
590 _aCONVERSION
_b10
_c20130109
_lUCH01
_h1338
650 1 4 _aAves de corral
_xGenética.
_98650
650 1 4 _aHuevos
_xProducción.
_956759
710 0 _aColegio de Postgraduados. Chapingo, Méx. Centro de Ganadería.
_925082
901 _aBK
942 _cFOLL
949 _bBC
_cTES
_d-32358
_eTS1
_h22122
_i79469
_si
949 _bBC
_cTES
_d-95362
_eTS2
_fc.2
_h22123
_i79469
_si
999 _c69018
_d69018